<?xml version="1.0" encoding="UTF-8"?>
<collection xmlns:xsi="http://www.w3.org/2001/XMLSchema-instance" xsi:schemaLocation="http://www.loc.gov/MARC21/slim http://www.loc.gov/standards/marcxml/schema/MARC21slim.xsd" xmlns="http://www.loc.gov/MARC21/slim">
 <record>
  <leader>00000ctm a22000003a 4500</leader>
  <controlfield tag="001">UP-99796217609008576</controlfield>
  <controlfield tag="003">Buklod</controlfield>
  <controlfield tag="005">20090922101048.0</controlfield>
  <controlfield tag="006">a     r    |||| u|</controlfield>
  <controlfield tag="007">ta</controlfield>
  <controlfield tag="008">090922s2006    xx     d     r    |||| u|</controlfield>
  <datafield tag="035" ind1=" " ind2=" ">
   <subfield code="a">(iLib)UPD-00107903073</subfield>
  </datafield>
  <datafield tag="040" ind1=" " ind2=" ">
   <subfield code="a">DEDUC</subfield>
  </datafield>
  <datafield tag="041" ind1=" " ind2=" ">
   <subfield code="a">eng</subfield>
  </datafield>
  <datafield tag="042" ind1=" " ind2=" ">
   <subfield code="a">DMLUC</subfield>
  </datafield>
  <datafield tag="090" ind1=" " ind2="0">
   <subfield code="a">LG 995 2006 E33</subfield>
   <subfield code="b">G64</subfield>
  </datafield>
  <datafield tag="100" ind1="1" ind2=" ">
   <subfield code="a">Go, Jubille Yap</subfield>
  </datafield>
  <datafield tag="245" ind1="1" ind2="0">
   <subfield code="a">Stress and managerial competence of private preschool administrators</subfield>
   <subfield code="c">Jubilee Y. Go.</subfield>
  </datafield>
  <datafield tag="264" ind1=" " ind2="1">
   <subfield code="c">2006.</subfield>
  </datafield>
  <datafield tag="300" ind1=" " ind2=" ">
   <subfield code="a">xi, 184 leaves</subfield>
  </datafield>
  <datafield tag="502" ind1=" " ind2=" ">
   <subfield code="a">Thesis (M.A. Educational Administration)--University of the Philippines, Diliman.</subfield>
  </datafield>
  <datafield tag="520" ind1=" " ind2=" ">
   <subfield code="a">This study sought to determine and analyze the personal, school organizational, environmental, and private life stressors affecting the managerial competence of the private          preschool administrators. Eighty private preschool administrators from NCR were chosen as respondents to the Preschool Administrator Stress Index (PASI) and the Preschool Administrator Managerial Competency Assessment (PAMCA), both made by the researcher. It was concluded that preschool administrators were generally competent in all facets of managerial competencies, and physically and  psychologically adept, but showed behavioral symptoms of being distressed. It was partly accepted that preschool administrators' personal health and manegerial competence are affected by the stressor, socio-demographic, and school variables.</subfield>
  </datafield>
  <datafield tag="650" ind1=" " ind2="0">
   <subfield code="a">School administrators</subfield>
   <subfield code="x">Job stress</subfield>
   <subfield code="z">Philippines</subfield>
   <subfield code="z">National Capital Region.</subfield>
  </datafield>
  <datafield tag="650" ind1=" " ind2="0">
   <subfield code="a">Private schools</subfield>
   <subfield code="z">Philippines</subfield>
   <subfield code="z">National Capital Region</subfield>
   <subfield code="x">Business management.</subfield>
  </datafield>
  <datafield tag="650" ind1=" " ind2="0">
   <subfield code="a">School management and organization</subfield>
   <subfield code="z">Philippines</subfield>
   <subfield code="z">National Capital Region.</subfield>
  </datafield>
  <datafield tag="650" ind1=" " ind2="0">
   <subfield code="a">Education, Preschool</subfield>
   <subfield code="z">Philippines</subfield>
   <subfield code="z">National Capital Region</subfield>
   <subfield code="x">Administration.</subfield>
  </datafield>
  <datafield tag="650" ind1=" " ind2="0">
   <subfield code="a">Stress (Psychology)</subfield>
   <subfield code="z">Philippines</subfield>
   <subfield code="z">National Capital Region</subfield>
   <subfield code="x">Testing.</subfield>
  </datafield>
  <datafield tag="905" ind1=" " ind2=" ">
   <subfield code="a">FI</subfield>
  </datafield>
  <datafield tag="905" ind1=" " ind2=" ">
   <subfield code="a">UP</subfield>
  </datafield>
  <datafield tag="852" ind1="0" ind2=" ">
   <subfield code="a">UPD</subfield>
   <subfield code="b">DARCHIVES</subfield>
   <subfield code="h">LG 995 2006 E33</subfield>
   <subfield code="i">G64</subfield>
  </datafield>
  <datafield tag="852" ind1="0" ind2=" ">
   <subfield code="a">UPD</subfield>
   <subfield code="b">DEDUC</subfield>
   <subfield code="h">LG 995 2006</subfield>
   <subfield code="i">E33 G64</subfield>
  </datafield>
  <datafield tag="942" ind1=" " ind2=" ">
   <subfield code="a">Thesis</subfield>
  </datafield>
 </record>
</collection>
